[Event "V Open A"]
[Site "Pedavena ITA"]
[Date "2009.07.27"]
[Round "1"]
[White "Pedrazzi, Giuseppe"]
[Black "Lazic, Miroljub"]
[Result "1/2-1/2"]
[WhiteElo "1933"]
[BlackElo "2454"]
[PlyCount "53"]
[EventDate "2009.07.27"]

1. d4 d5 2. Nf3 Nf6 3. e3 c5 4. Nbd2 cxd4 5. exd4 Nc6 6. c3 Bf5 7. Be2 e6 8.
Nh4 Be4 9. Nxe4 Nxe4 10. Nf3 Bd6 11. Be3 O-O 12. O-O Qc7 13. Re1 Na5 14. Bf1 a6
15. g3 b5 16. Nd2 Nxd2 17. Bxd2 Nc4 18. b3 Nxd2 19. Qxd2 Ba3 20. Re3 Rfc8 21.
c4 dxc4 22. bxc4 Qd6 23. cxb5 axb5 24. Bxb5 Bb4 25. Qb2 Ba3 26. Qd2 Bb4 27. Qb2
1/2-1/2

[Event "V Open A"]
[Site "Pedavena ITA"]
[Date "2009.07.27"]
[Round "1"]
[White "Xia, Jie"]
[Black "Binder, Andrea"]
[Result "1-0"]
[WhiteElo "2206"]
[BlackElo "1898"]
[PlyCount "97"]
[EventDate "2009.07.27"]

1. e4 d5 2. d4 dxe4 3. Nc3 Nf6 4. Bc4 Bg4 5. f3 exf3 6. Nxf3 e6 7. Bg5 Be7 8.
Qe2 O-O 9. O-O-O c6 10. h3 Bh5 11. g4 Bg6 12. Bxf6 Bxf6 13. h4 b5 14. Bb3 b4
15. Na4 h6 16. Kb1 Nd7 17. g5 Be7 18. gxh6 gxh6 19. Bxe6 fxe6 20. Qxe6+ Kh7 21.
Nc5 Rxf3 22. Nxd7 Bf5 23. Qf7+ Kh8 24. Qh5 Qxd7 25. Qxf3 Bg4 26. Qf4 h5 27.
Qe5+ Kh7 28. Rde1 Bd6 29. Qe3 Rf8 30. Rhf1 Rxf1 31. Rxf1 Qg7 32. Qe4+ Kh8 33.
Qe8+ Qg8 34. Qxc6 Qe6 35. Qa8+ Kg7 36. Qxa7+ Qe7 37. Qb6 Bg3 38. d5 Bxh4 39. d6
Qe2 40. Qd4+ Kg6 41. Rh1 Bf6 42. Qxb4 Bh3 43. Rg1+ Bg4 44. d7 Qe7 45. Qd2 Kf7
46. Qd5+ Kf8 47. Rf1 Bxd7 48. Qxh5 Be6 49. Qh8+ 1-0

[Event "V Open A"]
[Site "Pedavena ITA"]
[Date "2009.07.28"]
[Round "2"]
[White "Cereda, Loris"]
[Black "Laketic, Gojko"]
[Result "1/2-1/2"]
[WhiteElo "2032"]
[BlackElo "2463"]
[PlyCount "52"]
[EventDate "2009.07.27"]

1. e4 d6 2. d4 Nf6 3. Bd3 e5 4. Nf3 Nbd7 5. c3 g6 6. Nbd2 Bg7 7. O-O O-O 8. Re1
Qe7 9. a4 Re8 10. b3 Nh5 11. g3 Nf8 12. Ba3 Bg4 13. dxe5 Bxe5 14. Qc2 Qf6 15.
Nxe5 dxe5 16. Be2 Bxe2 17. Rxe2 Ne6 18. Re3 Rad8 19. Nf3 Ng5 20. Nxg5 Qxg5 21.
Rd1 Nf4 22. Rxd8 Rxd8 23. Bc1 Qg4 24. f3 Nh3+ 25. Kg2 Nf4+ 26. Kg1 Nh3+ 1/2-1/2

[Event "V Open A"]
[Site "Pedavena ITA"]
[Date "2009.07.28"]
[Round "2"]
[White "Rezzuti, Vincenzo"]
[Black "Okhotnik, Vladimir"]
[Result "0-1"]
[WhiteElo "2008"]
[BlackElo "2449"]
[PlyCount "86"]
[EventDate "2009.07.27"]

1. e4 Nc6 2. d4 d5 3. Nc3 Nf6 4. e5 Ng8 5. Nge2 Bf5 6. Ng3 Bg6 7. a3 e6 8. h4
h6 9. Bd3 Bxd3 10. Qxd3 h5 11. Be3 g6 12. Bg5 Be7 13. Bxe7 Ngxe7 14. O-O-O Qd7
15. Qb5 b6 16. Nge2 Nf5 17. Rd3 a6 18. Qa4 Ra7 19. b4 b5 20. Qb3 Nce7 21. f3
Nc8 22. g4 hxg4 23. fxg4 Rxh4 24. Rxh4 Nxh4 25. Rh3 Qe7 26. Nf4 Qg5 27. Nce2
Qxg4 28. Qc3 Ne7 29. Qc5 Rb7 30. Kb2 Kd7 31. Rg3 Qf5 32. Qc3 Rb6 33. Nd3 Rc6
34. Nc5+ Ke8 35. Rh3 Qg4 36. Nc1 Nef5 37. N1b3 g5 38. Na5 Rxc5 39. bxc5 Nxd4
40. Rg3 Qf4 41. Rxg5 Qxg5 42. Qxd4 Nf3 43. Qf2 Qxe5+ 0-1

[Event "V Open A"]
[Site "Pedavena ITA"]
[Date "2009.07.28"]
[Round "2"]
[White "Rombaldoni, Axel"]
[Black "Chierici, Marianna"]
[Result "1-0"]
[WhiteElo "2425"]
[BlackElo "2021"]
[PlyCount "93"]
[EventDate "2009.07.27"]

1. e4 c5 2. Nf3 Nc6 3. Nc3 d6 4. d4 cxd4 5. Nxd4 e5 6. Nf5 Bxf5 7. exf5 Qd7 8.
g4 h5 9. g5 Qxf5 10. Be3 O-O-O 11. h4 Kb8 12. Bh3 Qh7 13. Bg2 f5 14. Rh3 Nge7
15. f4 e4 16. b4 d5 17. Ne2 g6 18. b5 Na5 19. Bd4 Bg7 20. Qd2 b6 21. O-O-O Rhe8
22. Kb1 Qh8 23. Bxg7 Qxg7 24. Nd4 Rc8 25. Bf1 Qf7 26. Qb4 Rc5 27. Rc3 Rxc3 28.
Qxc3 Rc8 29. Qb2 Rc5 30. Nb3 Nxb3 31. axb3 Qe6 32. Qf6 Qd7 33. c4 Rc7 34. Qe5
Nc8 35. Be2 d4 36. Rxd4 Qe7 37. Qxe7 Rxe7 38. Rd8 Kc7 39. Rg8 Re6 40. Rg7+ Kd6
41. b4 Ne7 42. Kc2 e3 43. Kd3 Re4 44. Bd1 Kd7 45. c5 Rxb4 46. c6+ Kd6 47. c7
1-0

[Event "III Memorial Aldo Perini A"]
[Site "Senigallia ITA"]
[Date "2009.08.01"]
[Round "1"]
[White "Bonazzi, Edoardo"]
[Black "Di Trapani, Davide"]
[Result "1/2-1/2"]
[WhiteElo "2183"]
[BlackElo "1883"]
[PlyCount "53"]
[EventDate "2009.08.01"]

1. Nf3 d5 2. c4 e6 3. g3 Nf6 4. Bg2 Be7 5. O-O O-O 6. d4 Nbd7 7. Qc2 b6 8. Ne5
Bb7 9. Nc3 Rc8 10. cxd5 exd5 11. Nd3 c5 12. dxc5 Nxc5 13. Nxc5 Bxc5 14. Qd3 Qe7
15. Bg5 h6 16. Bxf6 Qxf6 17. Nxd5 Bxd5 18. Bxd5 Qxb2 19. Qf3 Qe5 20. Rac1 Rcd8
21. Rfd1 Rd6 22. e3 Rf6 23. Qe4 Qxe4 24. Bxe4 Re6 25. Bd5 Re7 26. Kf1 Rd7 27.
Ke2 1/2-1/2

[Event "III Memorial Aldo Perini A"]
[Site "Senigallia ITA"]
[Date "2009.08.01"]
[Round "1"]
[White "Bozzali, Ermanno"]
[Black "Salvioli, Alessandro"]
[Result "1-0"]
[WhiteElo "2080"]
[BlackElo "1866"]
[PlyCount "73"]
[EventDate "2009.08.01"]

1. d4 Nf6 2. Nf3 g6 3. c4 Bg7 4. Nc3 d6 5. Bf4 O-O 6. e3 Nbd7 7. Be2 c5 8. h3
a6 9. O-O Qa5 10. a3 Qd8 11. Qd2 Rb8 12. Rfd1 Ne8 13. b4 b6 14. Rab1 Bb7 15.
Rb3 Qc8 16. Rdb1 Bxf3 17. gxf3 cxd4 18. exd4 e5 19. Nd5 Qd8 20. dxe5 Nxe5 21.
Bg5 f6 22. Be3 Rf7 23. f4 Nd7 24. Bf3 Kh8 25. Rd1 Bf8 26. Nc3 g5 27. Bd5 Rg7
28. fxg5 fxg5 29. Bd4 Nef6 30. Ne4 Ne5 31. Nxf6 Qxf6 32. Rg3 h5 33. Re1 Qf5 34.
Qe2 g4 35. hxg4 hxg4 36. Bxe5 dxe5 37. Qxe5 1-0

[Event "III Memorial Aldo Perini A"]
[Site "Senigallia ITA"]
[Date "2009.08.01"]
[Round "1"]
[White "Bruglia Prazio, Orlando"]
[Black "Calavalle, Giulio"]
[Result "0-1"]
[WhiteElo "1902"]
[BlackElo "2228"]
[PlyCount "56"]
[EventDate "2009.08.01"]

1. d4 c5 2. c3 cxd4 3. cxd4 Nf6 4. Nc3 d6 5. g3 g6 6. Bg2 Bg7 7. Nf3 O-O 8. O-O
Nc6 9. e4 a6 10. Re1 Nd7 11. Be3 Nb6 12. Qb3 Na5 13. Qb4 Nac4 14. d5 Nxe3 15.
Rxe3 Nd7 16. a4 Nc5 17. a5 Bd7 18. Qa3 b5 19. b4 Na4 20. Nxa4 bxa4 21. Rb1 Qc7
22. Ree1 Rfc8 23. Rec1 Qa7 24. Bf1 Bh6 25. Rxc8+ Rxc8 26. Qd3 a3 27. Qxa6 Qxa6
28. Bxa6 a2 0-1

[Event "III Memorial Aldo Perini A"]
[Site "Senigallia ITA"]
[Date "2009.08.01"]
[Round "1"]
[White "Buratti, Ettore"]
[Black "Altini, Nicola"]
[Result "1/2-1/2"]
[WhiteElo "1865"]
[BlackElo "2078"]
[PlyCount "51"]
[EventDate "2009.08.01"]

1. e4 c5 2. Nf3 e6 3. g3 Nc6 4. Bg2 d6 5. O-O g6 6. d3 Bg7 7. Nc3 Nge7 8. Bg5
h6 9. Bd2 O-O 10. Rb1 Rb8 11. a3 b5 12. b4 c4 13. dxc4 bxc4 14. Qe2 d5 15. Rfd1
f5 16. exd5 exd5 17. b5 Na5 18. Na4 Re8 19. Qf1 Nb7 20. Bc3 Nd6 21. Bxg7 Kxg7
22. Nc3 Qa5 23. Nxd5 Nxd5 24. Rxd5 Ne4 25. Qxc4 Nc3 26. Qd4+ 1/2-1/2

[Event "III Memorial Aldo Perini A"]
[Site "Senigallia ITA"]
[Date "2009.08.01"]
[Round "1"]
[White "Busetto, Giorgio"]
[Black "Foglia, Maurizio"]
[Result "1/2-1/2"]
[WhiteElo "1882"]
[BlackElo "2140"]
[PlyCount "51"]
[EventDate "2009.08.01"]

1. e4 c5 2. Nf3 e6 3. d4 cxd4 4. Nxd4 a6 5. Nc3 Qc7 6. Be2 Nf6 7. Be3 b5 8. a3
Bb7 9. Bd3 Nc6 10. O-O Nxd4 11. Bxd4 Bc5 12. Bxc5 Qxc5 13. Qe2 d6 14. Rfe1 O-O
15. Qe3 Qxe3 16. Rxe3 e5 17. Rd1 Rfd8 18. f3 Kf8 19. Bf1 Rac8 20. Red3 Ke7 21.
g3 Ne8 22. R1d2 Nc7 23. Bh3 Rb8 24. Nd1 Ne6 25. Ne3 g6 26. Nd5+ 1/2-1/2

[Event "III Memorial Aldo Perini A"]
[Site "Senigallia ITA"]
[Date "2009.08.01"]
[Round "1"]
[White "Dvirnyy, Danyyil"]
[Black "Capuano, Francesca"]
[Result "1-0"]
[WhiteElo "2440"]
[BlackElo "1928"]
[PlyCount "82"]
[EventDate "2009.08.01"]

1. e4 d6 2. d4 Nf6 3. Nc3 e5 4. Nf3 Nbd7 5. Bc4 Be7 6. O-O O-O 7. Re1 a6 8. a4
b6 9. b3 c6 10. Bb2 Qc7 11. Bd3 Rb8 12. Ne2 b5 13. axb5 cxb5 14. Ng3 Re8 15.
Qd2 h6 16. Nh4 Qb6 17. Nhf5 Bf8 18. c4 Bb7 19. Rad1 b4 20. Bc2 a5 21. Kh1 Ra8
22. f4 Rad8 23. h3 Bc6 24. Qc1 a4 25. c5 dxc5 26. fxe5 a3 27. Ba1 Nh7 28. d5
Bb5 29. e6 fxe6 30. Nxg7 Bxg7 31. Bxg7 Kxg7 32. Nh5+ Kh8 33. Qxh6 Re7 34. d6
Rf7 35. e5 Rdf8 36. Bg6 Qd8 37. Bxf7 Rxf7 38. Qxe6 Qf8 39. Qg4 Rf2 40. e6 Bc6
41. e7 Nb8 1-0

[Event "III Memorial Aldo Perini A"]
[Site "Senigallia ITA"]
[Date "2009.08.01"]
[Round "1"]
[White "Faini, Marco"]
[Black "Rombaldoni, Axel"]
[Result "0-1"]
[WhiteElo "1924"]
[BlackElo "2425"]
[PlyCount "54"]
[EventDate "2009.08.01"]

1. c4 e6 2. g3 d5 3. Bg2 Nf6 4. d3 c5 5. Nf3 Nc6 6. Nbd2 d4 7. b3 Be7 8. O-O
O-O 9. a3 a5 10. a4 e5 11. Ne1 Nb4 12. Ba3 Ra6 13. Bxb4 axb4 14. Rb1 Qc7 15.
Ne4 Ng4 16. h3 Nh6 17. e3 f5 18. Nd2 dxe3 19. fxe3 Rg6 20. Qf3 e4 21. dxe4 Rxg3
22. Qe2 Bf6 23. Nc2 Re8 24. Rf3 Rg6 25. exf5 Nxf5 26. e4 Nh4 27. Rf2 Bxh3 0-1

[Event "III Memorial Aldo Perini A"]
[Site "Senigallia ITA"]
[Date "2009.08.01"]
[Round "1"]
[White "Fontana, Enrico"]
[Black "Recchi, Antonio"]
[Result "0-1"]
[WhiteElo "2130"]
[BlackElo "1881"]
[PlyCount "36"]
[EventDate "2009.08.01"]

1. d4 c5 2. c3 d5 3. Nf3 e6 4. e3 Nf6 5. Nbd2 Nc6 6. Bd3 cxd4 7. exd4 Bd6 8.
O-O O-O 9. Re1 Qc7 10. Nf1 e5 11. dxe5 Nxe5 12. Nxe5 Bxe5 13. Bg5 Ng4 14. h3
Bh2+ 15. Nxh2 Qxh2+ 16. Kf1 Qh1+ 17. Ke2 Qxg2 18. Bh4 Ne5 0-1

[Event "III Memorial Aldo Perini A"]
[Site "Senigallia ITA"]
[Date "2009.08.01"]
[Round "1"]
[White "Gandolfi, Gianfranco"]
[Black "Ferrante, Marco"]
[Result "0-1"]
[WhiteElo "1880"]
[BlackElo "2128"]
[PlyCount "78"]
[EventDate "2009.08.01"]

1. e4 e6 2. d4 d5 3. Nc3 Bb4 4. e5 c5 5. Bd2 cxd4 6. Nb5 Bc5 7. Qg4 Ne7 8. Bd3
a6 9. Nxd4 Qc7 10. Ngf3 Ng6 11. O-O Bxd4 12. Nxd4 Nc6 13. Nxc6 bxc6 14. Rae1
O-O 15. Qh5 d4 16. Re4 f5 17. exf6 Rxf6 18. Bg5 e5 19. Bxf6 gxf6 20. Bc4+ Kg7
21. g3 f5 22. Re2 Rb8 23. b3 c5 24. Rfe1 e4 25. f4 Rb6 26. Qg5 Rf6 27. h4 Bb7
28. Rf1 h6 29. Qh5 Bc6 30. Rh2 Bb7 31. a4 e3 32. Qe2 Ne7 33. h5 Nd5 34. Qd3 Nc3
35. Re1 Ne4 36. Rh3 Qc6 37. Rxe3 dxe3 38. Qd8 Qc8 39. Qe7+ Kh8 0-1

[Event "III Memorial Aldo Perini A"]
[Site "Senigallia ITA"]
[Date "2009.08.01"]
[Round "1"]
[White "Grazzi, Roberto"]
[Black "Pelagalli, Marco"]
[Result "1/2-1/2"]
[WhiteElo "2026"]
[BlackElo "1836"]
[PlyCount "58"]
[EventDate "2009.08.01"]

1. e4 c5 2. c3 e6 3. d4 cxd4 4. cxd4 Nf6 5. Nc3 d6 6. Nf3 Nc6 7. Bd3 a6 8. O-O
Be7 9. Be3 b5 10. e5 dxe5 11. dxe5 Nd7 12. Be4 Qc7 13. Rc1 Bb7 14. Ne2 Rc8 15.
Ned4 Ndb8 16. Nxc6 Nxc6 17. Nd4 Qd7 18. Nxc6 Bxc6 19. Qg4 Bxe4 20. Rxc8+ Qxc8
21. Qxe4 O-O 22. Rc1 Qd7 23. g3 Rc8 24. Rxc8+ Qxc8 25. a4 h6 26. axb5 axb5 27.
h3 b4 28. Bd2 b3 29. Bc3 Qa6 1/2-1/2

[Event "III Memorial Aldo Perini A"]
[Site "Senigallia ITA"]
[Date "2009.08.01"]
[Round "1"]
[White "Gromovs, Sergejs"]
[Black "Bernasconi, Roberto"]
[Result "1-0"]
[WhiteElo "2339"]
[BlackElo "1922"]
[PlyCount "57"]
[EventDate "2009.08.01"]

1. d4 d5 2. c4 dxc4 3. Nf3 c5 4. d5 e6 5. e4 Nf6 6. Nc3 Be7 7. d6 Bxd6 8. e5
Be7 9. Qxd8+ Bxd8 10. exf6 Bxf6 11. Bxc4 a6 12. Bg5 Bxg5 13. Nxg5 Nd7 14. O-O-O
Ne5 15. Be2 O-O 16. Rhe1 Nc6 17. Na4 Nb4 18. a3 Nd5 19. Bf3 Bd7 20. Nc3 h6 21.
Nxd5 exd5 22. Nxf7 Kxf7 23. Bxd5+ Kf6 24. Bxb7 Rad8 25. Rd6+ Kf5 26. Red1 Rf7
27. R1d5+ Kf4 28. Rxc5 Bc8 29. g3+ 1-0

[Event "III Memorial Aldo Perini A"]
[Site "Senigallia ITA"]
[Date "2009.08.01"]
[Round "1"]
[White "Lucchi, Lorenzo"]
[Black "Balzano, Aldo"]
[Result "1-0"]
[WhiteElo "2040"]
[BlackElo "1853"]
[PlyCount "59"]
[EventDate "2009.08.01"]

1. e4 c5 2. Nc3 Nc6 3. f4 e6 4. Nf3 g6 5. e5 d5 6. Be2 a6 7. O-O b5 8. d3 Nge7
9. Be3 Nf5 10. Bf2 Bd7 11. g4 Nfd4 12. Nb1 b4 13. c3 bxc3 14. bxc3 Nxf3+ 15.
Bxf3 Be7 16. d4 cxd4 17. cxd4 Qa5 18. Nd2 O-O 19. Nb3 Qd8 20. Rc1 Na5 21. Nc5
Bb5 22. Re1 Nc4 23. a4 Bxc5 24. dxc5 Nb2 25. Qd4 Nxa4 26. Bd1 Qa5 27. Ra1 Qc3
28. Bxa4 Qh3 29. Qd1 Bd3 30. Re3 1-0

[Event "III Memorial Aldo Perini A"]
[Site "Senigallia ITA"]
[Date "2009.08.01"]
[Round "1"]
[White "Magini, Fabio"]
[Black "Fiori, Mauro"]
[Result "1/2-1/2"]
[WhiteElo "2005"]
[BlackElo "1829"]
[PlyCount "60"]
[EventDate "2009.08.01"]

1. e4 c5 2. Nf3 d6 3. Bb5+ Bd7 4. Bxd7+ Qxd7 5. Nc3 g6 6. O-O Bg7 7. d3 Nc6 8.
Bf4 Nf6 9. Qd2 O-O 10. Bh6 a6 11. Bxg7 Kxg7 12. Rad1 Rac8 13. Ne2 d5 14. Ng3
dxe4 15. dxe4 Qxd2 16. Rxd2 Rfd8 17. Rfd1 Rxd2 18. Rxd2 Rd8 19. Rxd8 Nxd8 20.
Ne5 Ne6 21. c3 Nf4 22. f3 Ne8 23. Kf1 f6 24. Nd7 c4 25. Nb6 Nd6 26. Ne2 Nd3 27.
b3 cxb3 28. axb3 Kf7 29. Nd4 e5 30. Ne2 Kg7 1/2-1/2

[Event "III Memorial Aldo Perini A"]
[Site "Senigallia ITA"]
[Date "2009.08.01"]
[Round "1"]
[White "Marsili, Riccardo"]
[Black "De Vita, Igor"]
[Result "0-1"]
[WhiteElo "1873"]
[BlackElo "2086"]
[PlyCount "112"]
[EventDate "2009.08.01"]

1. e4 Nf6 2. e5 Nd5 3. d4 d6 4. Bc4 c6 5. Nf3 Bg4 6. O-O e6 7. Qd3 Nd7 8. Bxd5
cxd5 9. exd6 Bxd6 10. c3 O-O 11. Re1 Qc7 12. h3 Bf5 13. Qe2 Bf4 14. Bxf4 Qxf4
15. Qe3 Qxe3 16. Rxe3 Bxb1 17. Rxb1 b5 18. Ne5 Nxe5 19. Rxe5 Rab8 20. a3 a5 21.
Rc1 Rfc8 22. Kf1 b4 23. axb4 axb4 24. Ke2 bxc3 25. bxc3 Rb2+ 26. Kf3 Rb3 27.
Re3 Kf8 28. Rc2 Ke7 29. Ke2 Ra8 30. Rd3 Raa3 31. Rg3 g6 32. Rd3 h5 33. h4 Ra1
34. Rd1 Ra4 35. g3 Kd6 36. f4 Ke7 37. Kf3 Rc4 38. Rd3 Kf6 39. Re3 Ra3 40. Kf2
Rca4 41. Re1 Ra2 42. Ree2 Ra1 43. Re1 Rxe1 44. Kxe1 Kf5 45. Re2 Ra3 46. Re3 Ra2
47. Kf1 Kg4 48. Kg1 Kh3 49. Kf1 Kh2 50. Rf3 Kh1 51. Rf2 Ra1+ 52. Ke2 Kg1 53.
Rf3 Kg2 54. Rd3 Ra2+ 55. Ke1 Rf2 56. Re3 Rf3 0-1

[Event "III Memorial Aldo Perini A"]
[Site "Senigallia ITA"]
[Date "2009.08.01"]
[Round "1"]
[White "Mazzariol, Oscar"]
[Black "Boraso, Alessio"]
[Result "1-0"]
[WhiteElo "2067"]
[BlackElo "1862"]
[PlyCount "89"]
[EventDate "2009.08.01"]

1. d4 Nf6 2. c4 g6 3. Nc3 Bg7 4. e4 d6 5. Nf3 O-O 6. Bg5 h6 7. Bh4 Nbd7 8. Be2
e5 9. d5 a5 10. O-O Nc5 11. Nd2 g5 12. Bg3 Ne8 13. Bg4 Bxg4 14. Qxg4 Nd3 15. b3
Nf4 16. Qd1 h5 17. f3 Qf6 18. Bf2 Qh6 19. Be3 f5 20. Qc2 g4 21. Kh1 Qg6 22. g3
Nh3 23. fxg4 fxg4 24. Rxf8+ Bxf8 25. Rf1 Bh6 26. Nd1 Nf6 27. c5 Ng5 28. Bxg5
Bxg5 29. cxd6 cxd6 30. Re1 Nxd5 31. Qc4 Bxd2 32. Qxd5+ Qf7 33. Qxd2 Rc8 34. Kg1
Qg6 35. Qxa5 Qh6 36. Qd5+ Kh8 37. Ne3 Rc1 38. Qd2 Rc8 39. Rd1 Ra8 40. Nf5 Qf6
41. a4 d5 42. Qxd5 Qb6+ 43. Kg2 Qc7 44. Rc1 Qa5 45. Rc5 1-0

[Event "III Memorial Aldo Perini A"]
[Site "Senigallia ITA"]
[Date "2009.08.01"]
[Round "1"]
[White "Natoli, Domenico"]
[Black "Rotoni, Matteo"]
[Result "0-1"]
[WhiteElo "1883"]
[BlackElo "2189"]
[PlyCount "110"]
[EventDate "2009.08.01"]

1. d4 d5 2. c4 Nc6 3. e3 e5 4. dxe5 d4 5. Nf3 Bb4+ 6. Bd2 dxe3 7. fxe3 Nh6 8.
Nc3 Ng4 9. Nd5 Bxd2+ 10. Qxd2 Ncxe5 11. Be2 c6 12. Nxe5 Nxe5 13. Qd4 f6 14. Nc3
Be6 15. b3 Qa5 16. Rc1 Rd8 17. Qh4 O-O 18. O-O Rd2 19. Rfd1 Rfd8 20. Rxd2 Rxd2
21. Qe1 Rd8 22. e4 Nd3 23. Bxd3 Rxd3 24. Na4 Qe5 25. Qe2 Qd4+ 26. Qf2 Rd1+ 27.
Rxd1 Qxd1+ 28. Qf1 Qd4+ 29. Qf2 Qxe4 30. Nc5 Qb1+ 31. Qf1 Qxf1+ 32. Kxf1 Bc8
33. Ke2 Kf7 34. Ke3 Ke7 35. Kd4 b6 36. Ne4 c5+ 37. Kc3 Bb7 38. Kd3 Ke6 39. g4
Ke5 40. Nf2 Kf4 41. Kd2 g6 42. a3 Bc8 43. h3 h5 44. gxh5 gxh5 45. b4 Bf5 46.
bxc5 bxc5 47. a4 a5 48. Ke2 Kg3 49. Ke1 Bc2 50. Ke2 f5 51. Ke3 f4+ 52. Ke2 f3+
53. Ke1 Kg2 54. h4 Bxa4 55. Ne4 Bc2 0-1

[Event "III Memorial Aldo Perini A"]
[Site "Senigallia ITA"]
[Date "2009.08.01"]
[Round "1"]
[White "Pasquotto, Mirko"]
[Black "Stromboli, Carlo"]
[Result "0-1"]
[WhiteElo "1922"]
[BlackElo "2289"]
[PlyCount "86"]
[EventDate "2009.08.01"]

1. d4 Nf6 2. c4 e6 3. Nc3 Bb4 4. e3 b6 5. Nf3 Bb7 6. Bd3 Ne4 7. Qc2 f5 8. O-O
Bxc3 9. bxc3 O-O 10. Nd2 Qh4 11. f3 Ng5 12. Nb3 Rf6 13. Qf2 Qh5 14. Be2 Rg6 15.
Kh1 Rh6 16. Qg1 Ne4 17. fxe4 Qxe2 18. exf5 exf5 19. Rxf5 Rg6 20. Rf2 Qxc4 21.
Ba3 d6 22. Qf1 Qxf1+ 23. Raxf1 Nd7 24. Nd2 Nf6 25. h3 Re8 26. Re1 Rg3 27. Nf1
Rxh3+ 28. Kg1 Rh4 29. c4 Rxd4 30. Bb2 Rxc4 31. Bxf6 gxf6 32. Rxf6 Rc2 33. Rf2
Rxf2 34. Kxf2 c5 35. Nd2 d5 36. Nf3 Re4 37. Re2 d4 38. exd4 Rxe2+ 39. Kxe2
Bxf3+ 40. gxf3 cxd4 41. Kd3 h5 42. Kxd4 h4 43. Ke3 b5 0-1

[Event "III Memorial Aldo Perini A"]
[Site "Senigallia ITA"]
[Date "2009.08.01"]
[Round "1"]
[White "Proietti, Tosca"]
[Black "Amedeo, Riccardo"]
[Result "1-0"]
[WhiteElo "1829"]
[BlackElo "2000"]
[PlyCount "75"]
[EventDate "2009.08.01"]

1. e4 c5 2. a3 d6 3. Nc3 Nf6 4. Bc4 e6 5. d3 Nc6 6. Nge2 Be7 7. O-O d5 8. exd5
exd5 9. Bb3 O-O 10. Bg5 d4 11. Bxf6 Bxf6 12. Ne4 b6 13. Nxf6+ Qxf6 14. Ng3 Ne5
15. h3 Bd7 16. f4 Qg6 17. Kh2 Nc6 18. f5 Qd6 19. Qd2 Kh8 20. f6 Rae8 21. Qg5
gxf6 22. Qxf6+ Qxf6 23. Rxf6 Be6 24. Ba4 Rc8 25. Raf1 a6 26. Rxe6 fxe6 27.
Rxf8+ Rxf8 28. Bxc6 Rf2 29. Ba4 Kg7 30. Ne4 Re2 31. Bb3 e5 32. Kg3 Kg6 33. Kf3
Re3+ 34. Kf2 b5 35. Nxc5 a5 36. Ne4 a4 37. Bd5 Kf5 38. Bc6 1-0

[Event "III Memorial Aldo Perini A"]
[Site "Senigallia ITA"]
[Date "2009.08.01"]
[Round "1"]
[White "Rago, Riccardo"]
[Black "Miandro, Steven"]
[Result "1-0"]
[WhiteElo "2088"]
[BlackElo "1878"]
[PlyCount "75"]
[EventDate "2009.08.01"]

1. e4 c5 2. Nf3 d6 3. d4 cxd4 4. Nxd4 Nf6 5. Nc3 a6 6. Be2 e5 7. Nb3 Be6 8. Be3
Be7 9. O-O O-O 10. f4 Qc7 11. f5 Bc4 12. Nd5 Bxd5 13. exd5 Rc8 14. c4 Nbd7 15.
a4 Nb6 16. Nd2 Nbxd5 17. cxd5 Nxd5 18. Qb3 Nxe3 19. Qxe3 Qc5 20. Qxc5 Rxc5 21.
Rfc1 Rac8 22. Nb3 Rxc1+ 23. Rxc1 Rxc1+ 24. Nxc1 d5 25. Na2 d4 26. Bd3 g6 27. g4
Kf8 28. Kf2 Bd6 29. Kf3 Ke7 30. Ke4 g5 31. h3 f6 32. Kd5 Kd7 33. Nc1 a5 34. Ne2
h6 35. Ng3 Bb4 36. Ne4 Be7 37. Bb5+ Kc7 38. Ke6 1-0

[Event "III Memorial Aldo Perini A"]
[Site "Senigallia ITA"]
[Date "2009.08.01"]
[Round "1"]
[White "Rombaldoni, Brian"]
[Black "Rebeggiani, Luca"]
[Result "0-1"]
[WhiteElo "1831"]
[BlackElo "2019"]
[PlyCount "64"]
[EventDate "2009.08.01"]

1. b3 e5 2. Bb2 d5 3. Bxe5 f6 4. Bg3 Ne7 5. e3 Nf5 6. Bd3 Nc6 7. Ne2 Ne5 8.
Bxf5 Bxf5 9. d4 Nf7 10. O-O h5 11. h3 h4 12. Bh2 g5 13. Nd2 Bd6 14. Bxd6 Qxd6
15. f3 Qe7 16. Kf2 O-O-O 17. Re1 Rde8 18. Ng1 Qd6 19. Nf1 Bg6 20. c4 f5 21. c5
Qf6 22. Qd2 Re6 23. Ke2 Rhe8 24. Qc3 Nd8 25. Kd2 f4 26. exf4 Qxf4+ 27. Ne3 Nc6
28. Ne2 Qxe3+ 29. Qxe3 Rxe3 30. Rad1 Nb4 31. Nc1 Rxe1 32. Rxe1 Nc2 0-1

[Event "III Memorial Aldo Perini A"]
[Site "Senigallia ITA"]
[Date "2009.08.01"]
[Round "1"]
[White "Silvestri, Giorgio"]
[Black "Rovedi, Mauro"]
[Result "0-1"]
[WhiteElo "1838"]
[BlackElo "2033"]
[PlyCount "72"]
[EventDate "2009.08.01"]

1. d4 Nf6 2. c4 g6 3. Nc3 d6 4. e4 Bg7 5. f3 O-O 6. Be3 c6 7. Qd2 a6 8. Bh6 b5
9. Bxg7 Kxg7 10. g4 bxc4 11. Bxc4 d5 12. exd5 cxd5 13. Bb3 Nc6 14. g5 Nh5 15.
Bxd5 Bb7 16. Bxc6 Bxc6 17. d5 Bd7 18. Nge2 Qc7 19. Qd4+ Kg8 20. Rc1 Rab8 21. b4
Qd6 22. a3 Bf5 23. f4 a5 24. Na4 Bd7 25. Nc5 axb4 26. axb4 Bb5 27. Ne4 Qd7 28.
N4g3 Qg4 29. Qe3 Bxe2 30. Nxe2 Rxb4 31. Qxe7 Nxf4 32. Ra1 Nxe2 33. Qxe2 Re4 34.
Qxe4 Qxe4+ 35. Kf2 Qf5+ 36. Ke2 Re8+ 0-1

[Event "III Memorial Aldo Perini A"]
[Site "Senigallia ITA"]
[Date "2009.08.01"]
[Round "1"]
[White "Xia, Jie"]
[Black "Santiloni, Stefano"]
[Result "1-0"]
[WhiteElo "2206"]
[BlackElo "1893"]
[PlyCount "47"]
[EventDate "2009.08.01"]

1. e4 c5 2. Nf3 e6 3. d4 cxd4 4. Nxd4 a6 5. Bd3 Nf6 6. O-O Qc7 7. c4 Nc6 8.
Nxc6 dxc6 9. Qe2 e5 10. h3 h6 11. Be3 Nd7 12. Nc3 Nc5 13. Rac1 Bd6 14. b4 Nxd3
15. Qxd3 Bxb4 16. Na4 O-O 17. Bb6 Qd6 18. Qg3 Bd2 19. Rcd1 Qb4 20. Bc5 Qxa4 21.
Bxf8 Bg5 22. Bxg7 Bf4 23. Rd8+ Kh7 24. Rh8# 1-0

[Event "III Memorial Aldo Perini A"]
[Site "Senigallia ITA"]
[Date "2009.08.02"]
[Round "2"]
[White "Altini, Nicola"]
[Black "Revinelli, Sergio"]
[Result "1-0"]
[WhiteElo "2078"]
[BlackElo "1856"]
[PlyCount "91"]
[EventDate "2009.08.01"]

1. Nf3 d5 2. g3 c5 3. Bg2 Nc6 4. d3 Nf6 5. O-O e5 6. Nbd2 Bd6 7. e4 d4 8. a4
O-O 9. Nc4 Bc7 10. Nh4 a6 11. Nf5 Ne7 12. a5 Rb8 13. Nxe7+ Qxe7 14. f4 Bg4 15.
Qe1 Nd7 16. f5 f6 17. h3 Bh5 18. g4 Bf7 19. h4 Ra8 20. Rf3 b5 21. axb6 Bxb6 22.
g5 Rfb8 23. Rg3 Kf8 24. Qe2 Bxc4 25. dxc4 Qf7 26. g6 Qg8 27. gxh7 Qxh7 28. h5
Ke7 29. Raa3 Rh8 30. h6 gxh6 31. Rg6 Qf7 32. Rag3 Rag8 33. Bxh6 Kd6 34. Bg7 Rh7
35. Qg4 Nf8 36. Rxf6+ Qxf6 37. Bxf6 Rxg4 38. Rxg4 Nd7 39. Rg6 Kc7 40. Bg7 Kd8
41. Bxe5 Nxe5 42. Rxb6 Nxc4 43. Rxa6 Rc7 44. f6 Ke8 45. e5 Nxe5 46. Re6+ 1-0

[Event "III Memorial Aldo Perini A"]
[Site "Senigallia ITA"]
[Date "2009.08.02"]
[Round "2"]
[White "Calavalle, Giulio"]
[Black "Lavric, Mihail"]
[Result "1/2-1/2"]
[WhiteElo "2228"]
[BlackElo "1986"]
[PlyCount "109"]
[EventDate "2009.08.01"]

1. e4 c5 2. Nc3 Nc6 3. Bc4 e6 4. d3 d6 5. Nge2 Be7 6. O-O Nf6 7. f4 O-O 8. Bb3
Na5 9. Ng3 Nxb3 10. axb3 b6 11. f5 Bb7 12. Bg5 Ne8 13. Bd2 Bg5 14. fxe6 fxe6
15. Rxf8+ Kxf8 16. Bxg5 Qxg5 17. Qf3+ Kg8 18. Rf1 Nf6 19. Nb5 Qe5 20. Qf4 Qxf4
21. Rxf4 Ne8 22. Ne2 a6 23. Nbc3 Nc7 24. Rf2 b5 25. Kf1 Rf8 26. Rf3 Rxf3+ 27.
gxf3 Kf7 28. Kf2 e5 29. Nd1 Ne6 30. Ne3 g6 31. Kg3 Nd4 32. Nxd4 cxd4 33. Nf1
Kf6 34. b4 Bc8 35. c3 dxc3 36. bxc3 Be6 37. Ne3 Ke7 38. f4 exf4+ 39. Kxf4 h6
40. e5 d5 41. h4 Kd7 42. Nf1 Bf5 43. d4 Kc6 44. Ne3 Bc8 45. e6 Bxe6 46. Ke5 Kd7
47. Kf6 g5 48. h5 g4 49. Nf1 Kd6 50. Kg6 Ke7 51. Ng3 Bf7+ 52. Kf5 Be6+ 53. Ke5
Kf7 54. Ne2 Ke7 55. Ng3 1/2-1/2